| 000 | 00545nam a2200205 4500 | ||
|---|---|---|---|
| 003 | OSt | ||
| 005 | 20260601193844.0 | ||
| 008 | 260508b2020 |||||||| |||| 001 0 eng d | ||
| 020 | _a9780306924637 | ||
| 040 |
_aICI _bspa _cICI |
||
| 050 |
_aBF637.S8 _bH37 |
||
| 100 | 1 |
_aHardy, Darren _931152 |
|
| 245 | 1 | _aThe compound Effect | |
| 264 |
_bGo Haccette Books _c2020 _aEstados Unidos de América |
||
| 300 | _a167 páginas | ||
| 336 |
_atexto _2rdacontent |
||
| 337 |
_asin medio _2rdamedia |
||
| 338 |
_avolumen _2rdacarrier |
||
| 942 |
_2lcc _cB _n1 |
||
| 999 |
_c21559 _d21559 |
||